000 00426nam a2200169 i 4500
001 bg
100 1 _aCHMIELNICKI, Witold
245 0 _aLaboratorium techniki cieplnej /
_cW. Chmielnicki, S. Mańkowski.
250 _aWyd.3.
260 _aWarszawa,
_c1972.
700 1 _aMAŃKOWSKI, Stanisław
040 _cBPK
041 _apol
080 _a621.1:621.5/.6:53
942 _cKS
008 s pl f |000 0 pol
999 _c1532
_d1532
856 _uhttp://koha.tu.koszalin.pl/cgi-bin/koha/opac-detail.pl?biblionumber=1532
_yKatalog online BPK